• 首页
  • 本馆介绍
  • 公告通知
  • 最新文献
  • 馆藏检索
  • 电子资源
  • 读者导购
  • 参考咨询
  • 我的图书馆
  • 登录
  • 详细信息显示
  • 放入我的书架
  • 预约/预借图书
  • 作者相关作品
  • 分类相关作品
  • 丛书相关作品
  • 出版社相关作品

书目信息

  • 表格格式
  • 工作单格式
  • 卡片格式
题名:
英汉化学化工词汇补编
    
 
作者:
分册:   分析化学部分
出版信息: 北京   科学出版社  1975
页数: 80页
开本: 19cm
丛书名:
单 册:
中图分类: O6-61
科图分类:
主题词: 化学--词汇--英、中 , 分析化学--词汇--英、中 , 化学工程--词汇--英、中
电子资源:
ISBN:
000 00637nam0 2200229 45
001 0175000181
005 20061122112248.75
010    @dCNY0.37
091    @aCN@b17031.34
100    @a19950109d1975 em y0chiy0121 ea
101 0  @achi@aeng
102    @aCN@b110000
105    @ay z 000yy
200 10 @a英汉化学化工词汇补编@Aying han hua xue hua gong ci hui bu bian@i分析化学部分
210    @a北京@c科学出版社@d1975
215    @a80页@d19cm
606    @a化学@x词汇@x英、中
606    @a分析化学@x词汇@x英、中
606    @a化学工程@x词汇@x英、中
690    @aO6-61@v3
801  0 @aCN@bTSSF@c20061122
905    @a10447@dO6-61@e152:2=2
    
    英汉化学化工词汇补编.分析化学部分.-北京:科学出版社,1975
    80页;19cm
    
    
    ISBN :CNY0.37
    
●
相关链接 在E读中查询图书 在五车中查询图书 在当当中查询图书 在豆瓣中查询图书


正题名:英汉化学化工词汇补编     索取号:O6-61/152:2=2         预约/预借

序号 登录号 条形码 馆藏地/架位号 状态 备注
1 0213696   000339547   第二样本阅览室/ [索取号:O6-61/152:2=2] 在馆    
唐山师范学院图书馆 欢迎您!
大连网信软件有限公司© 版权所有